Devon Cities Sudden Death - Statistics

General Stats
  • This quiz has been taken 103 times
  • The average score is 9 of 17
Answers on the Grid
Answers color-coded by a green-red scale on the quiz's grid according to % correct below.
Barnstaple
Bideford
Bridport
Brixham
Bude
Chard
Cullompton
Dulverton
Exeter
Exmouth
Holsworthy
Honiton
Launceston
Liskeard
Lyme Regis
Minehead
Okehampton
Paignton
Plymouth
Salcombe
Saltash
Sidmouth
South Molton
St Austell
Taunton
Tavistock
Tiverton
Totnes
Wellington
Weymouth
 
Answer Stats
Answer % Correct
Barnstaple
83%
Brixham
73%
Bideford
71%
Exeter
69%
Exmouth
64%
Cullompton
58%
Plymouth
58%
Honiton
51%
Tiverton
51%
Okehampton
49%
Sidmouth
49%
Paignton
47%
Totnes
47%
Salcombe
37%
Tavistock
37%
South Molton
36%
Holsworthy
34%
No matching quizzes found
Score Distribution
Percent of People with Each Score
Percentile by Number Answered
Your Score History
You have not taken this quiz